[Event "Cto Equipos Aragon 2012 Div. Honor B "]
[Site "Aragon"]
[Date "2012.03.17"]
[Round "7.29"]
[White "Quintin Navarro Alberto"]
[Black "Forcen Esteban Daniel"]
[Result "1/2-1/2"]
[WhiteElo "2201"]
[BlackElo "2428"]

1.d4 Nf6 2.c4 g6 3.Nc3 Bg7 4.e4 d6 5.Nf3 O-O 6.Be2 Bg4 7.O-O Nfd7 8.Be3 e5 9.
d5 Bxf3 10.Bxf3 a5 11.Be2 Na6 12.a3 f5 13.f3 Nac5 14.b4 axb4 15.axb4 Rxa1 16.
Qxa1 Nb3 17.Qb2 Nd4 18.Nb5 Nxb5 19.cxb5 fxe4 20.fxe4 Rxf1+ 21.Bxf1 Nf6 22.Bg5
Qa8 23.Bxf6 Bxf6 24.Qf2 Bg5 25.h4 Be7 26.g3 Qa3 27.Bh3 Kg7 28.Kh2 Qxb4 29.Be6
Bf6 30.Qc2 Qc5 31.Qxc5 dxc5 32.Kg2 Kf8 33.Kf2 Ke7 34.Ke2 c4 35.Bg8 Kd6 36.Kd2
Kc5 37.Kc3 Kxb5 38.d6 cxd6 39.Bxc4+ Kc5 40.Bg8 h6 41.Bf7 b5 42.Bxg6 d5 43.exd5
e4+ 44.Kb3 Kxd5 45.Kb4 Kd4 46.Kxb5 e3 47.Bh5 Kd3 48.Bf3 e2 49.Bxe2+ Kxe2 50.h5
Kd3 51.Kb4 Bg5 52.Kb3 Be3 53.Kb2 Bd2 54.Kb3 Bc3 55.Ka2 Kc4 56.Kb1 Kd3 57.Ka2
Kc2 58.Ka3 Bd2 59.Ka4 Kc3 60.Ka3 Bc1+ 61.Ka4 Kc4 62.Ka5 Be3 63.Ka4 Bc5 64.Ka5
Ba3 65.Kb6 Bb4 66.Kc6 Bc5 67.Kd7 Kd5 68.Kc7 Ba3 69.Kb6 Bd6 70.Ka5 Kc5 71.Ka4
Kc4 72.Ka5 Bc7+ 73.Ka4 Bd8 74.Ka3 Bf6 75.Ka4 Be7 76.Ka5 Bc5 77.Ka6 Kd4 78.Ka5
Ke4 79.Kb5 Kd5 80.Ka4 Ke5 81.Kb5 Kd5 82.Ka4 Kc4 83.Ka5 Ba3 84.Kb6 Bb4 85.Kc6
Bc5 86.Kd7 Kd5 87.Kc7 Ke5 88.Kc6 Ba7 89.Kd7 Kf5 90.Kd6 Bb8+ 91.Kc5 Ba7+ 92.Kd5
Bb6 93.Kd6 Bd4 94.Kd5 Be5 95.Kc4 Kg4 96.Kd3 Kf3 97.Kd2 Bd4 98.Kd1 Bf2 99.Kd2
Bxg3 100.Kd1 Bf2 101.Kd2 Bb6 102.Ke1 Kg2 103.Ke2 Bf2 104.Kd2 Kf3 105.Kd1 Ke3
106.Kc1 Be1 107.Kc2 Bd2 108.Kd1 Ba5 109.Kc2 Ke2 110.Kc1 Bb4 111.Kc2 Bd2 112.
Kb1 Kd3 113.Kb2 Be3 114.Kb1 Kc3 115.Ka2 1/2-1/2

[Event "Cto Equipos Aragon 2012 Div. Honor B "]
[Site "Aragon"]
[Date "2012.03.17"]
[Round "7.32"]
[White "Castillo Sanjuan Alejandro"]
[Black "Jaques Burguete Raul"]
[Result "1-0"]
[WhiteElo "2044"]
[BlackElo "2032"]

1.e4 Nc6 2.d4 d5 3.Nc3 dxe4 4.d5 Ne5 5.Qd4 Ng6 6.Be3 e5 7.dxe6 Qxd4 8.exf7+
Kxf7 9.Bxd4 Bb4 10.Bc4+ Kf8 11.a3 Ba5 12.O-O-O Nf6 13.b4 Bb6 14.Bxb6 axb6 15.
Rd8+ Ke7 16.Rxh8 Nxh8 17.Kb2 Nf7 18.Nge2 Nd6 19.Bb3 Bg4 20.Ng3 Kd7 21.h3 Be6
22.Rd1 Bxb3 23.Kxb3 Re8 24.Nf5 g6 25.Ne3 Kc8 26.Ncd5 Nxd5 27.Nxd5 Rf8 28.Rd2
b5 29.Nc3 Re8 30.Re2 Kd7 31.a4 bxa4+ 32.Nxa4 Kc6 33.c4 b5 34.cxb5+ Nxb5 35.Kc4
Nd6+ 36.Kb3 Nf5 37.Kc4 Nd6+ 38.Kd4 Nf5+ 39.Kc3 e3 40.g4 exf2 41.Rxf2 Nd6 42.
Rc2 Kb5 43.Kb3 Re3+ 44.Nc3+ Ka6 45.Ka4 Rd3 46.Ne2 Kb7 47.Nf4 Rf3 48.Ne6 Rxh3
49.Rxc7+ Kb6 50.Rc5 Ne4 51.Rb5+ Kc6 52.Nd4+ Kd6 53.Ka5 Ra3+ 54.Kb6 Rg3 55.Ka7
Rxg4 56.Rb7 Nc3 57.Nf3 Nd5 58.b5 Nc7 59.Kb8 Rf4 60.Rxc7 Rxf3 61.b6 h5 62.b7
Rf8+ 63.Rc8 Rf3 64.Rg8 Kd7 65.Rg7+ Kd8 66.Rxg6 Ra3 67.Rh6 Ra5 68.Rd6+ Ke7 69.
Kc7 Rb5 70.Rb6 Rc5+ 71.Rc6 1-0

[Event "Cto Equipos Aragon 2012 Preferente A"]
[Site "Aragon"]
[Date "2012.03.17"]
[Round "7.33"]
[White "Alonso Fdez-Revuelta Rodrigo"]
[Black "Aparicio Navarro Pedro"]
[Result "1/2-1/2"]
[WhiteElo "2021"]
[BlackElo "2181"]

1.e4 c5 2.Nf3 e6 3.d3 d5 4.Nbd2 Nc6 5.g3 Nf6 6.Bg2 Be7 7.O-O O-O 8.Re1 b6 9.e5
Nd7 10.Nf1 Bb7 11.h4 Qc7 12.Bf4 d4 13.a3 b5 14.h5 Rfe8 15.N1h2 Nb6 16.Nd2 Rad8
17.Qg4 Nd5 18.Bxd5 Rxd5 19.Nhf3 Kh8 20.Ne4 Nd8 21.Bg5 h6 22.Bxe7 Rxe7 23.Nd6
Rxd6 24.exd6 Qxd6 25.Ne5 Kg8 26.f3 Nc6 27.Nxc6 Qxc6 1/2-1/2

[Event "Cto Equipos Aragon 2012 Preferente A"]
[Site "Aragon"]
[Date "2012.03.17"]
[Round "7.34"]
[White "Guzman Moneo Alberto"]
[Black "Lucea Valero Alejandro"]
[Result "1-0"]
[WhiteElo "2172"]
[BlackElo "1962"]

1.e4 d5 2.exd5 Qxd5 3.Nc3 Qa5 4.d4 Nf6 5.Bd2 c6 6.Bc4 Bg4 7.f3 Bf5 8.g4 Bg6 9.
h4 h5 10.g5 Nfd7 11.Qe2 Qc7 12.O-O-O b5 13.Bb3 b4 14.Ne4 a5 15.Nh3 Na6 16.Bf4
e5 17.dxe5 Bxe4 18.e6 1-0

[Event "Cto Equipos Aragon 2012 Preferente A"]
[Site "Aragon"]
[Date "2012.03.17"]
[Round "7.35"]
[White "Buil Montanes Carlos"]
[Black "Navarro Alonso Jorge"]
[Result "0-1"]
[WhiteElo "1924"]
[BlackElo "2154"]

1.d4 d5 2.Nf3 e6 3.c4 c6 4.Qc2 Nf6 5.Bf4 Nbd7 6.e3 Be7 7.h3 O-O 8.Bd3 dxc4 9.
Bxc4 b5 10.Be2 Bb7 11.O-O a6 12.Rd1 Qb6 13.Nc3 c5 14.Rac1 Rac8 15.a3 cxd4 16.
Rxd4 Bxf3 17.Bxf3 e5 18.Rxd7 Nxd7 19.Bg3 Rfd8 20.Qe4 Nc5 21.Qf5 Qe6 22.Qb1 f5
23.Rd1 e4 24.Be2 Bf6 25.Rxd8+ Rxd8 26.Bd1 Kh8 27.Ne2 g5 28.b4 Nd3 29.Bb3 Qc6
30.Ba2 Qd7 31.Kh2 h5 32.h4 f4 33.exf4 gxh4 0-1

[Event "Cto Equipos Aragon 2012 Preferente A"]
[Site "Aragon"]
[Date "2012.03.17"]
[Round "7.36"]
[White "Montes Santos Lorenzo"]
[Black "Minguez Guinda Andres"]
[Result "1-0"]
[WhiteElo "2035"]
[BlackElo "1923"]

1.Nf3 Nf6 2.c4 c6 3.g3 g6 4.Bg2 Bg7 5.O-O O-O 6.Nc3 d5 7.cxd5 cxd5 8.Qa4 Nbd7
9.Qh4 Re8 10.d4 Qb6 11.Ng5 e6 12.b3 Nh5 13.Rd1 Nf8 14.g4 Nf6 15.Ba3 h6 16.Nf3
g5 17.Qg3 Ng6 18.e3 Qa5 19.Bb2 b5 20.Ne5 Nxe5 21.dxe5 Nd7 22.Ne2 Bb7 23.f4
Rac8 24.Nd4 Qb6 25.h4 gxf4 26.exf4 Rc2 27.Bc1 f6 28.Be3 Rc3 29.Rac1 Rec8 30.
Rxc3 Rxc3 31.exf6 Bxf6 32.Qf2 Bxh4 33.Qxh4 Rxe3 34.Qxh6 a6 35.Kh1 Qd6 36.Nf5
1-0

[Event "Cto Equipos Aragon 2012 Preferente A"]
[Site "Aragon"]
[Date "2012.03.17"]
[Round "7.37"]
[White "Sierra Aguerri Joaquin"]
[Black "Dominguez Bujeda Jesus"]
[Result "0-1"]
[WhiteElo "2086"]
[BlackElo "2127"]

1.e4 c5 2.Nc3 Nc6 3.f4 g6 4.Nf3 Bg7 5.Bc4 e6 6.O-O Nge7 7.d3 O-O 8.Qe1 d5 9.
Bb3 Nd4 10.Nxd4 cxd4 11.Ne2 dxe4 12.dxe4 a5 13.Qh4 d3 14.cxd3 Qxd3 15.Ng3 a4
16.Rf3 Qd4+ 17.Be3 Qxb2 18.f5 Qxa1+ 19.Nf1 axb3 20.Rh3 h5 21.g4 b2 22.f6 b1=Q
23.Rf3 Nf5 24.exf5 Bxf6 25.Bg5 Bd4+ 0-1

[Event "Cto Equipos Aragon 2012 Preferente A"]
[Site "Aragon"]
[Date "2012.03.17"]
[Round "7.38"]
[White "Martin Catalan Juan Vicente"]
[Black "Fernandez Rubio Rafael"]
[Result "1/2-1/2"]
[WhiteElo "2105"]
[BlackElo "2064"]

1.d4 d6 2.Nf3 Nf6 3.c4 Nbd7 4.Nc3 e5 5.Bg5 Be7 6.e3 O-O 7.Be2 c6 8.O-O Re8 9.
Qc2 h6 10.Bh4 Nh7 11.Bg3 Ng5 12.Rad1 Nxf3+ 13.Bxf3 Bh4 14.Ne4 Bxg3 15.hxg3 d5
16.Nd6 Re6 17.Nxc8 Rxc8 18.Bg4 Re7 19.dxe5 Rxe5 20.cxd5 cxd5 21.Qd2 Rg5 22.
Bxd7 Qxd7 23.Rc1 Rc6 24.Rfd1 Qf5 25.Qa5 Rf6 26.Qd2 b6 27.Qc2 Qe5 28.Qd3 Qe6
29.Rc7 a5 30.Rdc1 Qe4 31.Rc8+ Kh7 32.R1c3 Rgf5 33.f3 Qxd3 34.Rxd3 Rg5 35.Rd8
Rxg3 36.R8xd5 Rfxf3 37.Rd6 Rxe3 38.Rxe3 Rxe3 39.Rxb6 Re2 40.a4 f6 41.b3 Kg6
42.Rb7 f5 43.Rb5 Rb2 44.Rb7 Kf6 45.Rb6+ Kg5 46.Kh2 g6 47.Kh3 Rb1 48.Rb5 Kf4
49.Kh2 g5 50.Rxa5 Rxb3 51.Rc5 Kg4 52.Rc6 h5 53.a5 Ra3 54.a6 Kh4 55.Rc4+ f4 56.
a7 Rxa7 57.g3+ Kg4 58.gxf4 Ra2+ 59.Kg1 gxf4 60.Rc8 Kf3 61.Rc3+ Ke2 62.Kg2 Rd2
63.Ra3 h4 64.Rb3 f3+ 65.Rxf3 Ke1+ 66.Kh3 1/2-1/2

[Event "Cto Equipos Aragon 2012 Preferente A"]
[Site "Aragon"]
[Date "2012.03.17"]
[Round "7.39"]
[White "Sancho Casale Jesus"]
[Black "Arpa Pardo Emilio"]
[Result "1-0"]
[WhiteElo "1912"]
[BlackElo "2047"]

1.e4 d6 2.d4 Nf6 3.Nc3 c6 4.Nf3 Bg4 5.Be3 e6 6.d5 a6 7.dxe6 fxe6 8.h3 Bh5 9.
Be2 Bf7 10.Ng5 Bg8 11.O-O Nbd7 12.a4 Qe7 13.Qd4 h6 14.Nf3 e5 15.Qd3 Bh7 16.Qc4
Qf7 17.Qxf7+ Kxf7 18.Nd2 g5 19.Bf3 Be7 20.a5 Kg7 21.Rfd1 Rhd8 22.Nc4 Nc5 23.
Nb6 Rab8 24.Bxc5 dxc5 25.Nc4 Rxd1+ 26.Rxd1 Rd8 27.Rxd8 Bxd8 28.Kf1 Bc7 29.Ke2
Bg8 30.Nb6 Bxb6 31.axb6 Nd7 32.Na4 Bc4+ 33.Ke3 Bb5 34.Bg4 Nf6 35.Nxc5 Kf7 36.
Nxb7 Ke7 37.Na5 Kd8 38.c4 Ne8 39.cxb5 cxb5 40.Nc6# 1-0

[Event "Cto Equipos Aragon 2012 Preferente A"]
[Site "Aragon"]
[Date "2012.03.17"]
[Round "7.41"]
[White "Malo Guillen Jose Luis"]
[Black "Gracia Campo Carlos Alberto"]
[Result "1/2-1/2"]
[WhiteElo "2189"]
[BlackElo "2042"]

1.d4 Nf6 2.c4 g6 3.Nc3 Bg7 4.e4 d6 5.f3 Nbd7 6.Be3 O-O 7.Qd2 e5 8.d5 h5 9.Nh3
Nh7 10.Be2 f5 11.exf5 gxf5 12.Bh6 Qf6 13.Bxg7 Qxg7 14.O-O-O Ndf6 15.Nf2 Qg5
16.Qxg5+ Nxg5 17.h4 Ngh7 18.Rhg1 Kh8 19.g4 fxg4 20.fxg4 Nxg4 21.Nxg4 Bxg4 22.
Bxg4 hxg4 23.Rxg4 Rg8 24.Rdg1 Rxg4 25.Rxg4 Nf6 26.Rg6 Rf8 27.Nb5 Kh7 28.h5
Nxh5 29.Re6 Rf7 30.Re8 a6 31.Nc3 Nf6 32.Rb8 b6 33.Ra8 a5 34.Nb5 Re7 35.Rc8 Ne8
36.Na7 Nf6 37.Nb5 Ne8 38.Na7 Nf6 1/2-1/2

[Event "Cto Equipos Aragon 2012 Preferente A"]
[Site "Aragon"]
[Date "2012.03.17"]
[Round "7.42"]
[White "Veras Sanz Marino"]
[Black "Alonso Blasco Jose Miguel"]
[Result "1-0"]
[WhiteElo "2037"]
[BlackElo "2119"]

1.d4 Nf6 2.Nf3 e6 3.c4 Bb4+ 4.Nbd2 d5 5.e3 O-O 6.a3 Be7 7.Bd3 b6 8.O-O Bb7 9.
Qc2 Nbd7 10.e4 dxe4 11.Nxe4 c5 12.Rd1 Qc7 13.Bg5 h6 14.Bh4 cxd4 15.Bg3 Qc8 16.
Nxd4 Nxe4 17.Bxe4 Bxe4 18.Qxe4 Qxc4 19.Rac1 Qd5 20.Qxd5 exd5 21.Rc7 Rfd8 22.
Nc6 Kf8 23.Nxd8 Rxd8 24.Rxd5 Re8 25.Rdxd7 Bf6 26.Bd6+ Kg8 27.Be7 Kh7 28.g3
Bxb2 29.Rd8 1-0

[Event "Cto Equipos Aragon 2012 Preferente A"]
[Site "Aragon"]
[Date "2012.03.17"]
[Round "7.43"]
[White "Mombiela De Sus Jose Luis"]
[Black "Galve Guinea Alejandro"]
[Result "1-0"]
[WhiteElo "2034"]
[BlackElo "2033"]

1.d4 Nf6 2.Bf4 g6 3.e3 Bg7 4.Nf3 O-O 5.Be2 d6 6.h3 c5 7.c3 Nc6 8.O-O Re8 9.a4
Qb6 10.Nbd2 e5 11.Nc4 Qc7 12.Bh2 Bf5 13.dxc5 dxc5 14.Qd6 Qe7 15.Qxe7 Rxe7 16.
Nfxe5 Nxe5 17.Bxe5 Be6 18.Bh2 Rd8 19.Rfd1 Red7 20.Ne5 Rd2 21.Nf3 R2d7 22.Rxd7
Rxd7 23.Rd1 Bb3 24.Rxd7 Nxd7 25.a5 Nf6 26.a6 bxa6 27.Bxa6 Nd7 28.Bb5 Nb6 29.
Nd2 Bc2 30.Bb8 a6 31.Bc6 Na4 32.Bxa4 Bxa4 33.Bd6 Bf8 34.Bxf8 Kxf8 35.Ne4 c4
36.Nd6 Bb3 37.Nb7 Ke7 38.Nc5 a5 39.Nb7 a4 40.Nc5 Kd6 41.Ne4+ Ke5 42.Nd2 f5 43.
Kf1 Kd5 44.Ke2 Bc2 45.h4 Bd3+ 46.Kf3 Ke5 47.g4 h5 48.g5 Kd5 49.Kf4 Bc2 50.Nf3
Kc5 51.Ne5 1-0

[Event "Cto Equipos Aragon 2012 Preferente A"]
[Site "Aragon"]
[Date "2012.03.17"]
[Round "7.44"]
[White "Bailo Remacha Santiago"]
[Black "Artal Alegria Francisco Javier"]
[Result "1/2-1/2"]
[WhiteElo "2027"]
[BlackElo "1957"]

1.Nf3 Nf6 2.g3 c5 3.Bg2 Nc6 4.c4 d5 5.cxd5 Nxd5 6.Nc3 Nc7 7.O-O e5 8.b3 Be7 9.
d3 O-O 10.Bb2 Be6 11.Rc1 f6 12.Na4 b6 13.Ng5 Bd7 14.Nf3 Rb8 15.e3 Qc8 16.d4
exd4 17.exd4 Rd8 18.dxc5 b5 19.Nc3 Bxc5 20.Nd5 Be6 21.Rxc5 Rxd5 22.Qc2 Rxc5
23.Qxc5 Na6 24.Qe3 Bh3 25.Rc1 Bxg2 26.Kxg2 Qd7 27.Qe4 Rb6 28.Nd4 Nxd4 29.Bxd4
Qb7 30.Qxb7 Rxb7 31.Rc6 Nb4 32.Rc8+ Kf7 33.a3 Rd7 34.Bxa7 Rxa7 35.axb4 Rd7 36.
Rc5 Rd3 37.Rxb5 Rxb3 38.Rb7+ Kg6 39.b5 Kh6 40.b6 Kg6 41.Kf1 Rb2 42.Kg2 Rb3 43.
g4 Kh6 44.f3 Rb2+ 45.Kg3 g5 46.h4 Kg6 47.h5+ Kh6 48.Rb8 Kg7 49.b7 h6 50.Kh3
Rb1 51.Kg2 Rb2+ 52.Kf1 Rb1+ 53.Ke2 Rb2+ 54.Kd3 Rb3+ 55.Kc4 Rb1 56.Kc3 Rb6 57.
Kd4 Rb1 58.Kc5 Rc1+ 59.Kd6 Rd1+ 60.Ke6 Re1+ 61.Kd5 Rd1+ 62.Kc4 Rb1 63.Rc8 Rxb7
64.Kd5 Kf7 65.Rc3 Ra7 66.Kd6 Ra6+ 67.Kd5 Ra7 68.Rc5 Rd7+ 69.Ke4 Re7+ 70.Kf5
Ra7 71.f4 Rb7 72.fxg5 fxg5 73.Rd5 Ra7 74.Ke5 Re7+ 75.Kd4 Ra7 76.Rd6 Ra4+ 77.
Ke5 Rxg4 78.Rxh6 Kg7 79.Rg6+ Kh7 1/2-1/2

[Event "Cto Equipos Aragon 2012 Preferente A"]
[Site "Aragon"]
[Date "2012.03.17"]
[Round "7.45"]
[White "Ferreruela Romero Jose Joaquin"]
[Black "Planas Torrea Francisco Javier"]
[Result "1-0"]
[WhiteElo "2020"]
[BlackElo "2007"]

1.d4 d5 2.Nf3 Nf6 3.c4 dxc4 4.Nc3 Bg4 5.e3 e6 6.Bxc4 Nbd7 7.h3 Bh5 8.O-O c5 9.
Re1 h6 10.d5 exd5 11.Bxd5 Nxd5 12.Qxd5 Bxf3 13.Qxf3 Rb8 14.Qg3 Qg5 15.Qf3 Qf6
16.Qe2 a6 17.e4 Nb6 18.Nd5 Qc6 19.Bf4 Rc8 20.Rad1 Nd7 21.e5 Qe6 22.Qd2 Nb8 23.
Nc7+ 1-0

[Event "Cto Equipos Aragon 2012 Preferente A"]
[Site "Aragon"]
[Date "2012.03.17"]
[Round "7.46"]
[White "Planas Torrea Alberto"]
[Black "Sanmiguel Mateo Luis"]
[Result "1-0"]
[WhiteElo "1920"]
[BlackElo "1958"]

1.e4 c6 2.d4 d5 3.e5 c5 4.Ne2 Nc6 5.c3 Bg4 6.f3 Bf5 7.Ng3 Bxb1 8.Rxb1 e6 9.Be3
Qc7 10.Bd3 c4 11.Bc2 f5 12.f4 Be7 13.Nxf5 exf5 14.Bxf5 g6 15.Be6 Nh6 16.Bxd5
Nf5 17.Qf3 Na5 18.Bf2 O-O-O 19.O-O Kb8 20.Be4 Rhf8 21.g4 Ng7 22.Qe3 b6 23.Bg3
Nb7 24.Qe2 Rde8 25.h4 Ne6 26.Bd5 Ng7 27.Qxc4 h5 28.Qxc7+ Kxc7 29.Be4 hxg4 30.
Bxg6 Rc8 31.f5 Bd8 32.Rf4 Kc6 33.Rbf1 Rh8 34.Rxg4 Nh5 35.Bh2 Ng7 36.f6 Nh5 37.
Be4+ 1-0

[Event "Cto Equipos Aragon 2012 Preferente A"]
[Site "Aragon"]
[Date "2012.03.17"]
[Round "7.47"]
[White "Belmonte Barragan Avelino"]
[Black "Marcellan Peire Jesus Eduardo"]
[Result "0-1"]
[WhiteElo "1799"]
[BlackElo "1865"]

1.e4 c5 2.Nc3 e6 3.g3 d5 4.exd5 exd5 5.d4 cxd4 6.Nb5 Bb4+ 7.Bd2 Qe7+ 8.Qe2
Bxd2+ 9.Kxd2 Be6 10.Rd1 Nc6 11.Kc1 Nf6 12.Nxd4 Nxd4 13.Rxd4 O-O 14.f4 Qc5 15.
c3 Rac8 16.Qe3 Bf5 17.Bg2 Rfe8 18.Qf2 Ne4 19.Qe3 Nxc3 0-1

[Event "Cto Equipos Aragon 2012 Preferente A"]
[Site "Aragon"]
[Date "2012.03.17"]
[Round "7.48"]
[White "Galvez Longas Isaac"]
[Black "Esteban Marin Francisco"]
[Result "1-0"]
[WhiteElo "1686"]
[BlackElo "1635"]

1.d4 d5 2.Nc3 c6 3.Nf3 Nf6 4.Bf4 Bg4 5.e3 h6 6.Be2 e6 7.a3 Be7 8.h3 Bh5 9.Ne5
Bxe2 10.Qxe2 Nbd7 11.O-O O-O 12.Nxd7 Qxd7 13.Be5 Rae8 14.b4 b5 15.Bxf6 Bxf6
16.f4 Bd8 17.Nd1 f6 18.Nb2 e5 19.fxe5 fxe5 20.Rxf8+ Kxf8 21.Rf1+ Kg8 22.dxe5
Rxe5 23.Nd3 Rxe3 24.Qxe3 Bb6 25.Nc5 1-0

[Event "Cto Equipos Aragon 2012 Preferente A"]
[Site "Aragon"]
[Date "2012.03.17"]
[Round "7.49"]
[White "Antonano Fedz-Quincoces Avelin"]
[Black "Campo Millan Diego"]
[Result "1/2-1/2"]
[WhiteElo "2127"]
[BlackElo "2091"]

1.e4 d6 2.d4 g6 3.Bc4 Nf6 4.Qe2 Nc6 5.c3 Bg7 6.Nf3 Nd7 7.Bxf7+ Kf8 8.Ng5 Nf6
9.Bb3 e5 10.Nf7 Qe7 11.dxe5 Nxe5 12.Nxh8 Bxh8 13.Bh6+ Ke8 14.Nd2 Bd7 15.O-O
Nfg4 16.Bf4 g5 17.Bxe5 Qxe5 18.Nf3 Qg7 19.h3 Ne5 20.Nxe5 dxe5 21.Qh5+ Ke7 22.
Rad1 Bb5 1/2-1/2

[Event "Cto Equipos Aragon 2012 Preferente A"]
[Site "Aragon"]
[Date "2012.03.17"]
[Round "7.51"]
[White "Cebollada Pacheco Jesus Raul"]
[Black "Dominguez Luzon Fernando"]
[Result "1/2-1/2"]
[WhiteElo "2028"]
[BlackElo "2004"]

1.e4 c5 2.Nf3 d6 3.d4 cxd4 4.Nxd4 Nf6 5.Nc3 Nc6 6.f3 e5 7.Nb3 Be7 8.Bg5 Be6 9.
Qd2 O-O 10.Be3 a5 11.a4 Nb4 12.Bb5 Rc8 13.Rc1 d5 14.exd5 Nfxd5 15.Nxd5 Nxd5
16.O-O Nxe3 17.Qxe3 Bg5 18.Qf2 Bxc1 19.Nxc1 Bc4 20.Bxc4 Rxc4 21.Qe2 Qd4+ 22.
Kh1 1/2-1/2

[Event "Cto Equipos Aragon 2012 Preferente A"]
[Site "Aragon"]
[Date "2012.03.17"]
[Round "7.52"]
[White "Fleta Marin Sergio"]
[Black "Calvo Simon Jorge"]
[Result "1/2-1/2"]
[WhiteElo "1669"]
[BlackElo "1727"]

1.e4 c5 2.Nf3 d6 3.g3 Nf6 4.d3 g6 5.h3 Bg7 6.Bg2 Nc6 7.c3 O-O 8.O-O Rb8 9.a4
a6 10.Be3 b5 11.axb5 axb5 12.Qd2 c4 13.Nd4 Bd7 14.dxc4 bxc4 15.Na3 Ne5 16.f4
Nc6 17.e5 Nxd4 18.exf6 Nb3 19.fxg7 Nxd2 20.gxf8=Q+ Kxf8 21.Bxd2 Qc8 22.Kh2
Rxb2 23.Nb1 Kg7 24.g4 Qc5 25.Re1 Qf2 26.Rf1 Qe2 27.Re1 1/2-1/2

[Event "Cto Equipos Aragon 2012 Preferente B"]
[Site "Aragon"]
[Date "2012.03.17"]
[Round "7.54"]
[White "Gella Lopez Angel"]
[Black "Carruez Berges Santiago"]
[Result "0-1"]
[WhiteElo "2080"]
[BlackElo "2117"]

1.d4 Nf6 2.c4 g6 3.Nc3 Bg7 4.e4 O-O 5.Nf3 d6 6.Be2 e5 7.O-O a5 8.dxe5 dxe5 9.
Qxd8 Rxd8 10.Bg5 Re8 11.Nd5 Nxd5 12.cxd5 c6 13.Nd2 Bf8 14.Nc4 Bc5 15.Rac1 cxd5
16.exd5 Na6 17.Nxa5 Be7 18.Bxe7 Rxe7 19.Nc4 Bf5 20.Nb6 Rd8 21.Rfd1 Nb4 22.g4
Nxa2 23.gxf5 Nxc1 24.Rxc1 gxf5 25.Bb5 e4 26.d6 Re5 27.d7 Kf8 28.Ba4 f4 29.Rc7
e3 30.fxe3 fxe3 31.Kf1 f5 32.Rxb7 f4 33.Bc6 Rc5 34.Be4 Rb5 35.Nc4 Rxb7 36.Bxb7
Rxd7 37.Bf3 Rc7 38.b3 Ra7 39.h4 Ke7 40.Ke2 Kf6 41.Kd3 Kf5 42.Nd6+ Kf6 43.Ne4+
Ke5 44.Nc3 Rd7+ 45.Kc4 Rd4+ 46.Kc5 Rd2 47.b4 Rf2 48.Bc6 Rc2 49.Kc4 e2 50.Kd3
Rxc3+ 0-1

[Event "Cto Equipos Aragon 2012 Preferente B"]
[Site "Aragon"]
[Date "2012.03.17"]
[Round "7.55"]
[White "Martinez Asensio Juan Miguel"]
[Black "Bellosta Lopez Pablo"]
[Result "1-0"]
[WhiteElo "2116"]
[BlackElo "2042"]

1.c4 Nf6 2.g3 e6 3.Bg2 d5 4.Nf3 dxc4 5.O-O Nbd7 6.Na3 c5 7.Nxc4 b5 8.Nce5 Bb7
9.Nxf7 Kxf7 10.Ng5+ Kg6 11.Qc2+ Ne4 12.Nxe6 Qe8 13.Nc7 Qe5 14.Nxa8 Kf7 15.d3
Nxg3 1-0

[Event "Cto Equipos Aragon 2012 Preferente B"]
[Site "Aragon"]
[Date "2012.03.17"]
[Round "7.56"]
[White "Laplaza Ara Carlos"]
[Black "Larrosa Poves Jose Manuel"]
[Result "1/2-1/2"]
[WhiteElo "2011"]
[BlackElo "1950"]

1.d4 Nf6 2.Nf3 d5 3.c4 e6 4.Nc3 c6 5.cxd5 cxd5 6.Bg5 Be7 7.e3 h6 8.Bh4 Nc6 9.
a3 Bd7 10.Bd3 a6 11.b4 b5 12.O-O O-O 13.Bg3 Nh5 14.Ne5 Nxg3 15.Nxc6 Bxc6 16.
hxg3 Qb6 17.Qb3 Rfc8 18.Rfc1 Rc7 19.Rc2 Rac8 20.Rac1 Bb7 21.Ne2 Rxc2 22.Rxc2
Rxc2 23.Qxc2 Qc6 24.Qxc6 Bxc6 25.Nc3 Bd6 1/2-1/2

[Event "Cto Equipos Aragon 2012 Preferente B"]
[Site "Aragon"]
[Date "2012.03.17"]
[Round "7.57"]
[White "Delgado Crespo Mairelys"]
[Black "Argueso Pascual Jorge"]
[Result "1-0"]
[WhiteElo "2246"]
[BlackElo "1998"]

1.e4 c6 2.d4 d5 3.exd5 cxd5 4.Bd3 Nc6 5.c3 Nf6 6.Bf4 e6 7.Nf3 Bd6 8.Bxd6 Qxd6
9.O-O O-O 10.Nbd2 e5 11.dxe5 Nxe5 12.Nxe5 Qxe5 13.Nf3 Qh5 14.Nd4 Qxd1 15.Raxd1
Bd7 16.Rfe1 Rfe8 17.Nb5 Rxe1+ 18.Rxe1 Bxb5 19.Bxb5 Kf8 20.Kf1 Rd8 21.Rd1 Ke7
22.a4 Ne4 23.Rd4 b6 24.Bc6 Nf6 25.Ke2 Rd6 26.Bb7 Rd7 27.Ba6 Rd6 28.f3 Nd7 29.
Bb7 Nf6 30.Kd3 Rd7 31.Bc8 Rd6 32.b4 Kd8 33.Ba6 Ke7 34.Kd2 h6 35.g3 Nd7 36.Bb7
Nf6 37.Rd3 Kd7 38.Kc2 Kc7 39.Ba6 Re6 40.Rd2 Re3 41.Re2 Rxe2+ 42.Bxe2 Kd6 43.
Kd3 Ne8 44.f4 Nc7 45.Bf3 f6 46.Bg4 Na6 47.Kd4 Nc7 48.f5 b5 49.a5 a6 50.Bh5 Kc6
51.Bf7 Kd6 52.Bg8 Kc6 53.Be6 Kd6 54.Bc8 Kc6 55.g4 Kd6 56.Bb7 Ne8 57.Bxd5 Nc7
58.Bb7 1-0

[Event "Cto Equipos Aragon 2012 Preferente B"]
[Site "Aragon"]
[Date "2012.03.17"]
[Round "7.58"]
[White "Soto Fidalgo Guillermo"]
[Black "Rodriguez Leiva Manuel"]
[Result "0-1"]
[WhiteElo "1907"]
[BlackElo "2046"]

1.d4 e6 2.c4 d5 3.cxd5 exd5 4.Nc3 Bb4 5.Bf4 Nf6 6.e3 O-O 7.Bd3 c6 8.h3 Re8 9.
Nf3 Ne4 10.Rc1 Qa5 11.Qb3 Bd6 12.Bxd6 Nxd6 13.O-O Nd7 14.Qa4 Qd8 15.Qc2 Nf8
16.Ne5 f6 17.Nf3 Qe7 18.b4 Ne4 19.b5 Bd7 20.bxc6 Bxc6 21.Qb3 Nxc3 22.Rxc3 Kh8
23.Rfc1 a5 24.Bb5 a4 25.Qb1 Rab8 26.Bxc6 bxc6 27.Qd3 Rb2 28.R1c2 Rb1+ 29.Kh2
Qd6+ 30.g3 Rc8 31.Qa6 Qd7 32.Qxa4 Qf5 33.Qa6 Qxf3 34.Rc1 Qxf2+ 35.Kh1 Rcb8 36.
Qxc6 R8b2 0-1

[Event "Cto Equipos Aragon 2012 Preferente B"]
[Site "Aragon"]
[Date "2012.03.17"]
[Round "7.59"]
[White "Buil Rello Jose Antonio"]
[Black "Ruiz Gutierrez Jose Manuel"]
[Result "1-0"]
[WhiteElo "1966"]
[BlackElo "1863"]

1.e4 c5 2.Nf3 Nc6 3.d4 cxd4 4.Nxd4 Nf6 5.f3 g6 6.c4 Bg7 7.Be3 O-O 8.Nc3 a6 9.
Qd2 e6 10.Be2 d5 11.exd5 exd5 12.Nxc6 bxc6 13.cxd5 cxd5 14.O-O Re8 15.Bd4 Bb7
16.Rac1 Rc8 17.Rfd1 Qd6 18.Bf1 Rcd8 19.Na4 Nd7 20.Bxg7 Kxg7 21.Qd4+ Kg8 22.Nc5
Nxc5 23.Rxc5 Rc8 24.Rdc1 Qb6 25.b4 Rxc5 26.Qxc5 Qe6 27.Qd4 Rc8 28.Rxc8+ Qxc8
29.Qc5 Qe6 30.Qd4 Qc6 31.Be2 Qc2 32.Kf2 Bc6 33.Qc5 Qa4 34.a3 Bb5 35.Bxb5 axb5
36.Qxd5 Qxa3 37.Qxb5 Qb2+ 38.Kg3 h5 39.h4 Qd2 40.Qe8+ Kg7 41.b5 Qd6+ 42.Kh3
Qf4 43.Qe4 Qb8 44.Qd4+ Kg8 45.b6 Qc8+ 46.Kg3 Qb8+ 47.Kf2 Kh7 48.Qf6 Kg8 49.Qc6
Qf4 50.Qe8+ Kg7 51.Qd8 Qb4 52.Qc7 Qxh4+ 53.Ke2 Qh1 54.b7 Qxg2+ 55.Ke1 Qg3+ 56.
Qxg3 1-0

[Event "Cto Equipos Aragon 2012 Preferente B"]
[Site "Aragon"]
[Date "2012.03.17"]
[Round "7.60"]
[White "Argueso Palomino Manuel"]
[Black "Salas Latorre Jose"]
[Result "1/2-1/2"]
[WhiteElo "1800"]
[BlackElo "1783"]

1.e4 d5 2.e5 Bf5 3.d4 e6 4.Bd3 Bxd3 5.Qxd3 c5 6.Qb5+ Qd7 7.Qxd7+ Kxd7 8.c3 Nc6
9.Nf3 Rc8 10.O-O cxd4 11.cxd4 Nge7 12.Be3 f6 13.Nc3 Ng6 14.exf6 gxf6 15.Rfd1
Bd6 16.a3 Rhg8 17.Rac1 Nf4 18.Bxf4 Bxf4 19.Rc2 Na5 20.g3 Nc4 21.Rd3 Rc6 22.Ne2
Bd6 23.Rb3 Rb8 24.Nd2 Nxd2 25.Rxd2 b6 26.g4 Rg8 27.h3 h5 28.Ng3 hxg4 29.h4 Rh8
30.h5 f5 31.Rc3 Rxc3 32.bxc3 Bxg3 33.fxg3 Rxh5 34.a4 Rh8 35.Rb2 Rc8 36.Rb3 Rc4
37.a5 bxa5 38.Kf2 Kc7 39.Ke3 a4 40.Ra3 Kb6 41.Kd3 Ka5 42.Ra1 Rc7 43.Re1 Rc6
44.Ra1 Rb6 45.Kc2 Kb5 46.Kd3 Ra6 47.Ra3 Kc6 48.Ke3 Kd6 49.Kf4 Ra5 50.Kg5 Ra6
51.Kf4 Kc6 52.Ke3 1/2-1/2

[Event "Cto Equipos Aragon 2012 Preferente B"]
[Site "Aragon"]
[Date "2012.03.17"]
[Round "7.61"]
[White "Cebrian Valverde Jose Antonio"]
[Black "Felez Casedas Carlos"]
[Result "1/2-1/2"]
[WhiteElo "2142"]
[BlackElo "2024"]

1.d4 d5 2.c4 e6 3.g3 c6 4.Nf3 Nf6 5.Bg2 Be7 6.O-O O-O 7.Qc2 Nbd7 8.Nbd2 b6 9.
e4 dxe4 10.Nxe4 Nxe4 11.Qxe4 Bb7 12.Bf4 Re8 13.Rad1 Qc8 14.Ng5 Nf6 15.Qf3 Qd7
16.h4 Rad8 17.Be5 Ba8 18.c5 Qc8 19.g4 Rf8 20.Bxf6 Bxf6 21.Nxh7 Kxh7 22.g5 Bxd4
23.Qe4+ Kg8 24.Rxd4 bxc5 25.Ra4 Rd4 26.Rxd4 cxd4 27.Qxd4 c5 28.Qg4 Bxg2 29.
Kxg2 Qb7+ 30.f3 Qxb2+ 31.Rf2 Qd4 32.Qh3 Rb8 33.g6 Rb2 34.gxf7+ Kxf7 35.Rxb2
Qxb2+ 36.Kg3 Qe5+ 37.Kf2 Qb2+ 38.Kg3 Qxa2 39.Qg4 Qd5 40.Qf4+ Kg6 41.Qb8 a5 42.
Qe8+ Kh7 43.h5 Qf5 44.Qb5 Qxh5 45.Qxa5 Qf5 46.Qd8 Qe5+ 47.Kg2 c4 48.Qh4+
1/2-1/2

[Event "Cto Equipos Aragon 2012 Preferente B"]
[Site "Aragon"]
[Date "2012.03.17"]
[Round "7.62"]
[White "Landa Galindo Victor"]
[Black "Gutierrez Mingueza Ruben"]
[Result "1/2-1/2"]
[WhiteElo "1945"]
[BlackElo "2074"]

1.e4 c5 2.c4 Nc6 3.Nc3 g6 4.Nf3 Bg7 5.Be2 d6 6.O-O e6 7.d3 Nge7 8.Be3 Nd4 9.
Qd2 O-O 10.Bh6 a6 11.Bxg7 Kxg7 12.Bd1 Nec6 13.Nxd4 cxd4 14.Ne2 e5 15.Ng3 f5
16.f4 Qe7 17.Bf3 Bd7 18.exf5 Bxf5 19.Rae1 Rae8 20.b4 Qd8 21.Bxc6 bxc6 22.fxe5
dxe5 23.Nxf5+ gxf5 24.Qf2 Kh8 25.Qd2 Qf6 26.Rf3 Rf7 27.Qf2 Re6 28.Qg3 Qg6 29.
Qh4 Qf6 30.Qf2 Qg5 31.Rg3 Qe7 32.Qd2 Qd8 33.Rf3 Qf8 34.a3 Qg7 35.Rg3 Rg6 36.
Qf2 Rxg3 37.Qxg3 Qxg3 38.hxg3 Re7 39.Rf1 Kg7 40.Rxf5 Kg6 41.Rf8 e4 42.dxe4
Rxe4 43.Rf4 Re1+ 44.Kf2 Ra1 45.Rxd4 Ra2+ 46.Kf1 Rxa3 47.Rd6+ Kf5 48.Rxc6 Rb3
49.Rxa6 Rxb4 50.Rh6 Rxc4 51.Rxh7 Rc2 52.Rh4 Rc3 1/2-1/2